Laff-A-Lympics Teams Quiz Stats

 Plays Quiz Updated Mar 30, 2020

     
Support Sporcle.
Go Orange.
Score 0/44 Timer 08:00
0 Plays Today
Team Character % Correct
The Scooby DoobiesScooby-Doo
93.9%
The Yogi YahooeysYogi Bear
84.8%
The Scooby DoobiesShaggy Rogers
83.4%
The Yogi YahooeysBoo-Boo
73%
Announcers/CommentatorsSnagglepuss
33.9%
The Yogi YahooeysHuckleberry Hound
32.9%
The Yogi YahooeysGrape Ape
28.4%
The Scooby DoobiesCaptain Caveman
28%
The Yogi YahooeysQuick Draw McGraw
21.2%
The Scooby DoobiesBlue Falcon
18.4%
The Scooby DoobiesDynomutt
17.2%
The Scooby DoobiesScooby-Dum
16.6%
The Scooby DoobiesSpeed Buggy
16%
The Scooby DoobiesHong Kong Phooey
14.5%
The Yogi YahooeysCindy Bear
14%
The Yogi YahooeysWally Gator
12.2%
The Really RottensMumbly
11.8%
The Yogi YahooeysDixie
11.8%
The Yogi YahooeysAugie Doggie
11.8%
The Yogi YahooeysPixie
11.8%
The Yogi YahooeysDoggie Daddy
11.5%
The Scooby DoobiesTinker
9.2%
Team Character % Correct
The Scooby DoobiesBabu
8.8%
The Yogi YahooeysHokey Wolf
8.3%
The Yogi YahooeysMr. Jinks
8.3%
The Really RottensDread Baron
7.9%
The Yogi YahooeysYakky Doodle
7.7%
The Scooby DoobiesTaffy Dare
7.7%
The Scooby DoobiesD ee Dee Skyes
7.6%
The Yogi YahooeysBlabber
7.3%
The Yogi YahooeysSnooper
7.3%
Announcers/CommentatorsMildew Wolf
7.3%
The Scooby DoobiesBrenda Chance
7.1%
The Really RottensDaisy Mayhem
6.5%
The Really RottensDinky Dalton
6.4%
The Really RottensMr. Creepley
6.2%
The Really RottensMrs. Creepley
6.2%
The Really RottensMagic Rabbit
6%
The Really RottensDirty Dalton
5.8%
The Really RottensThe Great Fondoo
5.7%
The Really RottensDastardly Dalton
5.6%
The Really RottensJunior Creepley
5.4%
The Really RottensOrful Octopus
5.3%
The Really RottensSooey
5.1%

From the Vault

Take Five XIII

by El_Dandy

We're not entirely sure where we need to take it, but we'll probably figure it out.
Remove Ads.
Support Sporcle.
Get the best of Sporcle when you Go Orange. This ad-free experience offers more features, more stats, and more fun while also helping to support Sporcle. Thank you for becoming a member.

Show Comments

Extras

Top Quizzes Today


Score Distribution

Your Account Isn't Verified!

In order to create a playlist on Sporcle, you need to verify the email address you used during registration. Go to your Sporcle Settings to finish the process.

Report this User

Report this user for behavior that violates our Community Guidelines.

Details: